000 00409nam a2200193Ia 4500
003 0100
008 130303s9999 xx 000 0 und d
040 _cARRUPELIB
050 _aBD113.C633 1973
100 _aCoreth, Emerich
245 _aMetaphysics
260 _aNew York
260 _bSeabury PR
260 _C1973
300 _a224p.
300 _b 21cm
650 _aMETAPHYSICS
942 0 0 _05
999 _c31173
_d31173